| 000 | 00000nam##2200000za#4500 |
| 001 | 9.568204 |
| 003 | CaOODSP |
| 005 | 20240215150447 |
| 007 | cr ||||||||||| |
| 008 | 150406|1992||||xxc|||||o f|0| 0 eng|d |
| 040 | |aCaOODSP|beng |
| 043 | |an-cn--- |
| 086 | 1 |aPS83-3/27E-PDF |
| 110 | 2 |aCorrectional Service Canada. |
| 245 | 10|aUnlawful departures from minimum security institutions : |h[electronic resource]|bA comparative investigation / |cby Joseph C. Johnston and Laurence L. Motiuk. |
| 260 | |bCorrectional Service Canada |cApril 1992. |
| 300 | |a20p.|breferences, tables |
| 490 | 1 |aResearch report|vR-27 |
| 590 | |a10-09-Supp|b2010-11-02 |
| 720 | 1 |aMotiuk, Laurence L. |
| 720 | 1 |aJohnston, Joseph C. |
| 775 | 08|tFuites d'établissements à sécurité minimale : |w(CaOODSP)9.599494 |
| 830 | #0|aResearch report (Correctional Service Canada. Research Branch)|vR-27|w(CaOODSP)9.506063 |
| 856 | 40|ahttp://publications.gc.ca|qPDF|s104 KB|uhttps://publications.gc.ca/collections/collection_2010/scc-csc/PS83-3-27-eng.pdf|yR-27 |